000 00825nam a2200253 i 4500
001 68282
003 ES-MaACL
005 20230906170237.0
007 t|
008 040616s2003 sp ||||0| spa d
020 _a84-339-6188-8
080 _a298.9 Nueva Era
100 1 _aCapra, Fritjof.
_934904
245 1 4 _aLas conexiones ocultas
_b: implicaciones sociales, medioambientales, económicas y biológicas de una nueva visión del mundo /
_cFritjof Capra ; traducción de David Sempau.
260 _aBarcelona :
_bAnagrama,
_c[2003]
300 _a389 p. ;
_c22 cm.
490 1 _aArgumentos ;
_v301
504 _aBibliografía: p. 361-373.
650 _aNueva Era.
_915641
700 1 _aSempau, David.
_9105397
830 1 _aArgumentos ;
_v301
_9178418
852 _aES-MaACL
_jL-28001
999 _c68282
_d68282